Gaming Quiz

Random Gaming Quiz

Yu-gi-oh monster types Quiz Stats

 Plays Quiz not verified by Sporcle

Support Sporcle.
Go Orange.
Score 0/22 Timer 07:00
0 Plays Today
% Correct
Dragon
89.8%
Beast
87.8%
Warrior
87.8%
Machine
85.7%
Fish
83.7%
Spellcaster
83.7%
Zombie
79.6%
Beast warrior
77.6%
Insect
77.6%
Dinosaur
75.5%
Aqua
73.5%
% Correct
Winged beast
73.5%
Fiend
73.5%
Pyro
73.5%
Fairy
71.4%
Sea serpent
65.3%
Plant
63.3%
Rock
63.3%
Thunder
59.2%
Reptile
59.2%
Psychic
46.9%
Divine beast
40.8%

You're not logged in!

Compare scores with friends on all Sporcle quizzes.
OR
Log In

From the Vault

What's Missing III?

by triviahappy

Usually we have a hard enough time just figuring out what's here.
Remove Ads.
Support Sporcle.
Get the best of Sporcle when you Go Orange. This ad-free experience offers more features, more stats, and more fun while also helping to support Sporcle. Thank you for becoming a member.

Show Comments

Extras

Created Mar 13, 2011ReportNominate
Tags:Yu-Gi-Oh

Top Quizzes Today


Score Distribution

Your Account Isn't Verified!

In order to create a playlist on Sporcle, you need to verify the email address you used during registration. Go to your Sporcle Settings to finish the process.

Report this User

Report this user for behavior that violates our Community Guidelines.

Details: